In comparison I and II (Record no. 8054)
[ view plain ]
| 000 -LEADER | |
|---|---|
| fixed length control field | 00819cab a2200205 4500 |
| 001 - CONTROL NUMBER | |
| control field | ABS38828 |
| 008 - FIXED-LENGTH DATA ELEMENTS--GENERAL INFORMATION | |
| fixed length control field | 090401t1987 xxu||||| |||| 00| 0 eng d |
| 035 ## - SYSTEM CONTROL NUMBER | |
| System control number | (Sirsi) u12601 |
| 041 ## - LANGUAGE CODE | |
| Language code of text/sound track or separate title | eng |
| 100 ## - MAIN ENTRY--PERSONAL NAME | |
| Personal name | Hancock, M. |
| 245 ## - TITLE STATEMENT | |
| Title | In comparison I and II |
| 260 ## - PUBLICATION, DISTRIBUTION, ETC. | |
| Date of publication, distribution, etc. | 1987 |
| 350 ## - PRICE (NR) (BK AM CF MU VM SE) [OBSOLETE] | |
| Price | 0 |
| 490 ## - SERIES STATEMENT | |
| Series statement | Chartered Quantity Surveyor |
| Volume/sequential designation | 10(4) December 1987, 18-19 |
| 520 ## - SUMMARY, ETC. | |
| Summary, etc. | Two-part article which views differences between the working environments of quantity surveyors who work in private practice and those who work for local authorities. Discusses accountability to clients and competition and considers advertising , referring throughout to the RICS regulations. |
| 650 ## - SUBJECT ADDED ENTRY--TOPICAL TERM | |
| Topical term or geographic name entry element | ABOUT RICS-RICS MEMBERS |
| 690 ## - LOCAL SUBJECT ADDED ENTRY--TOPICAL TERM (OCLC, RLIN) | |
| Topical term or geographic name as entry element | MANAGEMENT-BUSINESS MANAGEMENT-PROFESSIONAL PRACTICE |
| 942 ## - ADDED ENTRY ELEMENTS (KOHA) | |
| Suppress in OPAC | 0 |
| 948 ## - LOCAL PROCESSING INFORMATION (OCLC); SERIES PART DESIGNATOR (RLIN) | |
| c (OCLC) | 04/03/1997 |
| Withdrawn status | Lost status | Source of classification or shelving scheme | Damaged status | Not for loan | Home library | Current library | Shelving location | Date acquired | Total Checkouts | Full call number | Barcode | Date last seen | Copy number | Price effective from | Koha item type |
|---|---|---|---|---|---|---|---|---|---|---|---|---|---|---|---|
| Dewey Decimal Classification | London | London | Journal article | 14/09/1999 | ABS38828 | 12601-1001 | 06/08/2019 | 1 | 06/08/2019 | Journal article |